| 000 | 00600cam a2200217ua 4500 | ||
|---|---|---|---|
| 001 | 7706 | ||
| 005 | 20260515114240.0 | ||
| 008 | 141222n ii |||gr||||Z||||||eng | ||
| 020 | _a9780198090571 | ||
| 040 | _cMAIN | ||
| 041 | _aeng | ||
| 082 | _a954.03116 | ||
| 100 |
_aCederlof, G., _eAuthor. |
||
| 245 | 1 |
_aFounding an empire on India`s north-eastern frontiers 1790-1840 : _bClimate, commerce, polity / _cBy Gunnel Cederlof . |
|
| 250 | _a1st. | ||
| 260 |
_aNew delhi: _bOxford, _c2014. |
||
| 300 | _axiii,272p. | ||
| 653 | _aSouth Asia India | ||
| 653 | _aNorth east history | ||
| 942 | _cBK | ||
| 999 |
_c6822 _d6822 |
||